[Event "Hofheim op"]
[Site "Hofheim"]
[Date "1997.??.??"]
[Round "3"]
[White "Kaulfuss, Helmut"]
[Black "Mueller, Hans Emil"]
[Result "1-0"]
[WhiteElo "2225"]
[BlackElo "2095"]
[PlyCount "75"]
[EventDate "1997.??.??"]
[EventType "swiss"]
[EventRounds "5"]
[EventCountry "GER"]
[SourceTitle "EXT 2001"]
[Source "ChessBase"]
[SourceDate "2000.11.22"]
[SourceVersion "1"]
[SourceVersionDate "2000.11.22"]
[SourceQuality "1"]

1. e4 d5 2. Nc3 d4 3. Nce2 Nc6 4. Ng3 e5 5. Bc4 Nf6 6. d3 Na5 7. Bb3 Nxb3 8. axb3 Bd6 9. N1e2 0-0 10. 0-0 c5 11. h3 b5 12. f4 Qc7 13. Bd2 Bd7 14. fxe5 Bxe5 15. Nf5 g6 16. Ne7+ Kg7 17. Qc1 Ng8 18. Nd5 Qd6 19. c3 Rfc8 20. Qe1 Ne7 21. cxd4 Bh2+ 22. Kh1 Nxd5 23. exd5 cxd4 24. g3 Bxh3 25. Rf2 Bxg3 26. Nxg3 Re8 27. Qg1 Qxd5+ 28. Kh2 Bd7 29. Rf4 Qe6 30. Qxd4+ Kg8 31. Ne4 Qh3+ 32. Kg1 Rxe4 33. Qxe4 Re8 34. Qf3 Qe6 35. Re1 Qb6+ 36. Qf2 Rxe1+ 37. Bxe1 Qe6 38. Bc3 1-0

[Event "Hofheim op"]
[Site "Hofheim"]
[Date "1997.??.??"]
[Round "2"]
[White "Mueller, Hans Emil"]
[Black "Zunker, Reinhard"]
[Result "1-0"]
[WhiteElo "2095"]
[BlackElo "2165"]
[PlyCount "51"]
[EventDate "1997.??.??"]
[EventType "swiss"]
[EventRounds "5"]
[EventCountry "GER"]
[SourceTitle "EXT 2001"]
[Source "ChessBase"]
[SourceDate "2000.11.22"]
[SourceVersion "1"]
[SourceVersionDate "2000.11.22"]
[SourceQuality "1"]

1. f4 b5 2. e3 Bb7 3. Nf3 a6 4. a4 b4 5. c4 c5 6. b3 Nf6 7. Bb2 e6 8. Be2 Be7 9. 0-0 0-0 10. h3 Ne4 11. d3 Bf6 12. dxe4 Bxb2 13. Ra2 Bf6 14. e5 Be7 15. Rd2 Qc7 16. Qc2 Nc6 17. Bd3 g6 18. h4 Rad8 19. h5 Kg7 20. Rdf2 d6 21. exd6 Qxd6 22. Qb2+ Bf6 23. h6+ Kxh6 24. Qxf6 Qxd3 25. g4 Qxe3 26. Re1 1-0